000 00710nam a2200229Ia 4500
003 OSt
005 20220923224149.0
006 a|||||r|||| 00| 0
007 ta
008 220922b |||||||| |||| 00| 0 pan d
024 _a226,790
037 _cTextual
040 _aARTS
_cARTS
_bpan
041 _2pan
_apan
082 _aX:3M24xM18.N, 153P2
100 _aਭੀਮ ਇੰਦਰ ਸਿੰਘ
245 0 _aਸਮਕਾਲੀ ਮਾਰਕਸੀ-ਚਿੰਤਨ
260 _aਜਲੰਦਰ
_b ਕੁਕਨੁਸ ਪ੍ਰਕਾFਨ
_c2002
300 _a144ਪੰ
_ccm.
942 _hX:3M24xM18.N, 153P2
_cTEXL
_2CC
999 _c369644
_d369644